| 000 | 00848cam a22001935a 4500 | ||
|---|---|---|---|
| 001 | L155938 | ||
| 008 | 120423s1855 xxk f 000 0 eng d | ||
| 035 | _a(Sirsi) u155938 | ||
| 041 | 0 | _aeng | |
| 100 | 1 |
_aBernal, Ralph _dd. 1854 |
|
| 245 | 0 | 0 |
_aCatalogue of the celebrated collection of works of art, from the Byzantine period to that of Louis Seize _bof that distinguished collector, Ralph Bernal ... _cwhich by order of the executors will be sold by auction, by Messrs. Christie and Manson ... on Monday, March the 5th, 1855, at one o'clock precisely |
| 260 |
_a[London _bPrinted by W. Clowes and sons _c1855] |
||
| 300 |
_a357, [1] p. _bfront., plates _c25 cm. |
||
| 583 |
_aCondition reviewed _c20120620 _lcondition level 2 |
||
| 651 | 4 |
_aGreat Britain _y1707- |
|
| 690 |
_aAuctioneering _96218 |
||
| 710 | 1 | _aChristie and Manson | |
| 942 | _n0 | ||
| 999 |
_c113929 _d113929 |
||